LEADER 01052nam a2200265 i 4500 001 000000245291 003 CaOOAMICUS 005 20151001000000.0 008 151001s1955 it u000 u ita u 013 $a224196 040 $aSeMil$bita 100 1 $aBorgonovo, Giustino,$c.$0(OLS)http://semarc/name/5872 245 10$aGesù a chi soffre. Istruzioni-esempi-consigli-preghiere /$cP. Giustino Borgonovo. 250 $a7. edizione. 260 $aMilano [etc.] :$bÀncora,$c1955. 300 $a250 p. ;$c15 cm. 500 $aFondo card. Giovanni Colombo. 650 4$aSofferenza.$0(OLS)http://semarc/subject/6395 650 4$aPreghiera.$0(OLS)http://semarc/subject/1091 850 $aSeMil 852 $aSeMil$W1$xVenegono$y1$m3GC II 415$j195637$B195637$CSeMilBibl$Z2$F206316 $8B 941 1 $a3 961 $aLascito: Colombo Card. Giovanni 996 $6245$aGesù a chi soffre. Istruzioni-esempi-consigli-preghiere$9(OLS)http://semarc/title/346999 996 $6260$aMilano [etc.] :$bÀncora$9(OLS)http://semarc/publisher/32331 LEADER 01353nam a2200229 i 4500 001 000000026125 003 CaOOAMICUS 005 20251203142923.0 008 180830s187u fr u000 u fre u 040 $aSeMil$bita 100 1 $aHeine, Heinrich,$d<1797-1856>.$0(OLS)http://semarc/name/7584 240 10$aOeuvres de Henri Heine.$0(OLS)http://semarc/title/35246 245 10$aOeuvres complètes de Henri Heine. 264 1$aParis :$bMichel Lévy frères :$b[poi]... Calmann-Lévy,$c[187?] 300 $av. ;$c18 cm. 774 0 $aHeine, Heinrich <1797-1856>$tDe l'Allemagne.$bNouvelle éd. entièrement revue et considérablement augmentée.$dParis : Michel Lévy frères, 1855.$w()26126 774 0 $aHeine, Heinrich <1797-1856>$tPoëmes et legendes.$dParis : Librairie nouvelle : Michel Lévy frères, 1874.$bNouvelle édition.$kBibliothèque contemporaine$w()210208 774 0 $aHeine, Heinrich <1797-1856>$tPoëmes et legendes.$dParis : Librairie nouvelle : Michel Lévy frères, 1874.$bNouvelle édition.$kBibliothèque contemporaine$w()247557 830 0$aBibliothèque contemporaine.$0(OLS)http://semarc/title/35192 996 $6245$aOeuvres complètes de Henri Heine$9(OLS)http://semarc/title/35245 996 $6264$aParis :$bMichel Lévy frères :$b[poi]... Calmann-Lévy$9(OLS)http://semarc/publisher/31571